00460 2200181 4500001002100000005001500021035002000036245003000056100001300086250000600099856004500105260003900150008004100189082000800230084001400238990001300252990001300265INLIS00000000000160520250424104012 a0010-04250000211 aTerate Semawa /cHairudin0 aHairudin a1 aRuang Baca Umum No Klas 800 ( Rak 3,4,5) aJakarta :bPT. Dian Ariesta,c2002250424 0  a813 a813 HAI t a03.20109 a03.20110